Twenty One Pilots - 21 words, 21 songs - Statistics

General Stats
  • This quiz has been taken 424 times
    421 since last reset
  • The average score is 4 of 21
Answer Stats
Hint Answer % Correct
Consistence Car Radio
37%
Blankets Redecorate
36%
Insignificant Ode to Sleep
27%
Graffiti Levitate
24%
Candle Stressed Out
24%
Prehistoric The Outside
24%
Introspective Holding on to You
23%
Curtains Not Today
22%
Exterior The Hype
22%
Undertone Migraine
21%
Middleman Choker
18%
Safety Guns for Hands
18%
Glorious Leave the City
18%
Pedigree Bounce Man
15%
Imperfections The Judge
15%
Rival Bandito
13%
Thirteen Formidable
12%
Promote Message Man
11%
Thrill Smithereens
11%
Extinction Kitchen Sink
9%
Yesterday Fairly Local
7%
No matching quizzes found
Score Distribution
Percent of People with Each Score
Percentile by Number Answered
Your Score History
You have not taken this quiz since the last reset